| 000 | 00614cam a22002291 4500 | ||
|---|---|---|---|
| 001 | sa 64004640 | ||
| 003 | DLC | ||
| 005 | 20260227112026.0 | ||
| 008 | 861105s1963 ii 000 0 kanx | ||
| 010 | _asa 64004640 | ||
| 025 | _aPL480:I-Kan-401 | ||
| 035 | _a(OCoLC)15302842 | ||
| 040 |
_aDLC _cNN _dDLC |
||
| 042 | _apremarc | ||
| 050 | 0 | 0 |
_aPL4659.N32 _bB3 |
| 100 | 1 |
_aNarasiṅgarāv, P., _d1912- |
|
| 245 | 1 | 0 |
_aBārō priya sukumāra. _c[Lēkhaka] Parvatavāṇi [pseud.] |
| 260 |
_aMaisūru, _bBhāratī Prakāśana _c[1963] |
||
| 300 |
_a89 p. _c19 cm. |
||
| 500 | _aIn Kannada. | ||
| 500 | _aA play. | ||
| 999 |
_c58655 _d58655 |
||